00581nam a22002057a 450000500170000001000130001702000230003003500130005303700160006604000120008208200160009410000190011024500460012926000450017527000460022030000240026650000190029065000220030965000440033120170124110239.0 aA-999099 c175.00a8120315928 aA-999099 bCen Lib/Ret aDPLbEN a005.43bWAI aWaingrow, Kirk aUnix hints and hacks /cby Kirk Wainhrow  bPrentice Hall of India c1999aNew Delhi bNew DelhiaM-97, Connaght Circus e110001 axi,479p. c22cm(Hb) aIncludes index aComputer science  aComputer science -- Networking security